| 000 | 01988cam a2200349 a 4500 | ||
|---|---|---|---|
| 001 | 192369 | ||
| 003 | CO-ViMGA | ||
| 005 | 20230915233602.0 | ||
| 008 | 951205s1985 sp af r 00010 spa d | ||
| 020 | _a8472323854 (v.1) | ||
| 020 | _a8472323862 (v.2) | ||
| 040 |
_aCO-ViMGA _bspa _cCO-ViMGA |
||
| 043 | _as-ck--- | ||
| 082 | 0 | 4 |
_a581.9861 _bR31c _219 ed. |
| 110 | 2 |
_aReal Expedición Botánica del Nuevo Reino de Granada, _d1783-1810. _912832 |
|
| 245 | 1 | 0 |
_aCucurbitales y campanulales / _cReal Expedición Botánica del Nuevo Reino de Granada ; ilustran con 63 láminas en color y 28 monocromas Pedro de Almansa ... [et al.] ; determina l̤as láminas y redact e̤l texto Santiago Diaz Piedrahita. |
| 260 |
_aMadrid : _bEdiciones Cultura Hispánica, _c1985. |
||
| 300 |
_a2 v. : _bil., lams. (col.) ; _c54 cm. |
||
| 500 | _aPublicada bajo los auspicios de los gobiernos de España y de Colombia y merced a la colaboración entre los Institutos de Cultura Hispánica de Madrid y Bogotá, Instituto de Cooperación Iberoamericana, Real Jardín Botanico de Madrid e Instituto de Ciencias Naturales-Museo de Historia Natural de la Universidad Nacional de Colombia. | ||
| 504 | _aIncluye bibliografa̕. | ||
| 505 | 0 | _av.1 Familias : cucurbitaceae y campanulaceae (gňeros burmeistera y centropogon). -- v.2 Familias : campanulaceae (gňeros Diastatea, hippobroma, lobelia, lysipomia, siphocampylus y triodanis) y compositae (vernonieae). | |
| 650 | 1 | 4 |
_aBotánica _z Colombia _v Libros de láminas. _912826 |
| 650 | 1 | 4 |
_aCampanulaceas. _912834 |
| 650 | 1 | 4 |
_aCucurbitaceae. _912833 |
| 650 | 6 |
_aExpedición Botánica _v Libros de láminas. _912827 |
|
| 700 | 1 |
_aAlmanza, Pedro Advincula de, _eil. _912835 |
|
| 700 | 1 |
_aDa̕z Piedrahita, Santiago, _d1944-2014. _912836 |
|
| 700 | 1 |
_aMutis, Jose Celestino, _d1732-1808. _96807 |
|
| 710 | 2 |
_aInstituto Colombiano de Cultura Hispánica. _912830 |
|
| 710 | 2 |
_aInstituto de Cultura Hispánica _c(Espaą) _912837 |
|
| 942 |
_2ddc _cBK |
||
| 999 |
_c37057 _d37057 |
||